000 00918nam a2200265Ia 4500
003 OSt
005 20221005103732.0
006 a|||||r|||| 00| 0
007 ta
008 221004b |||||||| |||| 00| 0 hin d
020 _a9789383381029 (hbk)
_c850
024 _a8508
037 _b240, 17/12/2013, Eastern Book Linkers
_cTextual
040 _aCRL
_cCRL
_bhin
041 _2hin
_ahin
082 _aR6, 152Q3
100 _aश्रीवास्ताव, सुखपाल
245 0 _aभारतीय दर्शन
246 _aBhāratīya darshana
260 _aदिल्ली
_bआदि बुक्स भारत
_c2013
300 _a272पृ0
_ccm.
650 _aभारतीय राजनीति
942 _hR6, 152Q3
_cTEXL
_2cc
999 _c1010772
_d1010772